Atlas of bovine anatomy

Enregistré dans:
Détails bibliographiques
Auteur principal: Pasquini, Chris
Format: Livre
Langue:Undetermined
Publié: California Sudz Publishing 1982
Sujets:
Tags: Ajouter un tag
Pas de tags, Soyez le premier à ajouter un tag!
Thư viện lưu trữ: Trung tâm Học liệu Trường Đại học Cần Thơ
LEADER 00471nam a2200181Ia 4500
001 CTU_126111
008 210402s9999 xx 000 0 und d
082 |a 636.20897 
082 |b P284 
100 |a Pasquini, Chris 
245 0 |a Atlas of bovine anatomy 
245 0 |c Chris Pasquini 
260 |a California 
260 |b Sudz Publishing 
260 |c 1982 
650 |a Bovine anatomy 
904 |i Nguyên 
980 |a Trung tâm Học liệu Trường Đại học Cần Thơ